| 000 | 01153cam a2200265 a 4500 | ||
|---|---|---|---|
| 003 | OSt | ||
| 005 | 20210723125558.0 | ||
| 008 | 910426s1991 dcua b i001 0 eng | ||
| 020 | _a0821318187 | ||
| 040 |
_aDLC _cCO-JMCR _dDLC |
||
| 041 | 0 | _aeng | |
| 082 | 0 | 4 |
_a332.091724 / _bV945f _223 |
| 100 | 1 |
_aVon Pischke, J. D., _eautor _927026 |
|
| 245 | 1 | 0 |
_aFinance at the frontier : _bdebt capacity and the role of credit in the private economy / _cJ.D. Von Pischke. |
| 260 |
_aWashington, D.C. : _bWorld Bank, _c1991. |
||
| 300 |
_axi, 427 páginas : _bilustraciones y gráficas en blanco y negro ; _c24 cm. |
||
| 490 | 0 | _aEDI development studies | |
| 504 | _aIncludes bibliographical references: page 395-414, and index. | ||
| 505 | 0 | _aFinnce and financial markets. -- The conventional assault on the frontier. -- Structural considerations in frontier development. -- A sustainable strategy for frontier deelopment. | |
| 650 | 1 | 4 |
_aFinance _zDeveloping countries. _938547 |
| 650 | 2 | 4 |
_aEconomic development. _937563 |
| 650 | 2 | 4 |
_aCredit _zDeveloping countries. _938673 |
| 650 | 2 | 4 |
_aEconomic assistance _zDeveloping countries. _938674 |
| 942 |
_2ddc _cBK |
||
| 999 |
_c12005 _d12005 |
||